| 000 | 01068nam a2200229 a 4500 | ||
|---|---|---|---|
| 001 | 22663 | ||
| 003 | CO-ViMGA | ||
| 008 | 141112s2004 ck r 000 u spa d | ||
| 040 |
_aCO-ViMGA _bspa _cCO-ViMGA |
||
| 082 | 0 | 4 | _a323 R34p |
| 100 | 1 |
_aReina Castilla, Olivia _932298 |
|
| 245 | 1 | 0 | _aLa protección judicial de los derechos sociales |
| 260 |
_aBogotá : _bLeyer, _c2004 |
||
| 300 | _a108 | ||
| 505 | _aIndivisibilidad de los derechos economicos, sociales y culturales 13 - 21 - - Instrumentos de proteccion de los derechos economicos, sociales y culturales 25 - 31 - - Exigibilidad y proteccion judicial de los derechos economicos, sociales y culturales 35 - 46 - - Los derechos humanos en el consejo de europa 53 - 60 | ||
| 590 | _aForma de adquisición : Compra - - Precio : 18000 - - Proveedor : Dismet - - Fecha de adquisición : 2008 | ||
| 650 | 1 | 4 | _aDERECHOS CIVILES |
| 650 | 1 | 4 |
_aDERECHOS CULTURALES _925420 |
| 650 | 1 | 4 |
_aDERECHOS ECONOMICOS Y SOCIALES _932299 |
| 650 | 1 | 4 |
_aPROTECCION DE LOS DERECHOS ECONOMICOS Y SOCIALES _932300 |
| 942 |
_2ddc _cBK |
||
| 999 |
_c30963 _d30963 |
||